000 00462nam a2200193Ia 4500
008 101110s9999 xx 000 0 und d
041 _aENGLISH
082 _bSR6845
_a651.3
100 _aSatyasaran Chaterjee
245 _aModern Business 7th Ed.
365 _b14.5
520 _aCommerce
546 _aENGLISH
630 _aModern Business 7th Ed.
650 _aCommerce
655 _aCommerce
730 _aModern Business 7th Ed.
942 _cBOOK
999 _c802611
_d802608